Im nachbarhause links (Record no. 148302)

MARC details
000 -LEADER
campo de control de longitud fija 00494nam a2200169 4500
001 - NÚMERO DE CONTROL
campo de control 148302
003 - IDENTIFICADOR DE NÚMERO DE CONTROL
campo de control ES-MaACL
005 - FECHA Y HORA DE LA ÚLTIMA TRANSACCIÓN
campo de control 20230906202537.0
007 - CAMPO FIJO DE DESCRIPCIÓN FÍSICA--INFORMACIÓN GENERAL
campo de control de longitud fija t|
008 - DATOS DE LONGITUD FIJA--INFORMACIÓN GENERAL
campo de control de longitud fija 070214s1920 gw r ||||1| ger d
100 1# - ENTRADA PRINCIPAL--NOMBRE DE PERSONA
Nombre de persona Storm, Theodor.
9 (RLIN) 108333
245 10 - MENCIÓN DEL TÍTULO
Título Im nachbarhause links
Resto del título : ; Psyche /
Mención de responsabilidad, etc. von Theodor Storm.
260 ## - PUBLICACIÓN, DISTRIBUCIÓN, ETC.
Lugar de publicación, distribución, etc. Berlin :
Nombre del editor, distribuidor, etc. Gebrüder Paetel,
Fecha de publicación, distribución, etc. 1920 (
Lugar de fabricación/manufactura Altenburg :
Fabricante Stephan Geibel)
300 ## - DESCRIPCIÓN FÍSICA
Extensión 104 p. ;
Dimensiones 16 cm.
740 0# - ENTRADA AGREGADA--TÍTULO RELACIONADO/ANALÍTICO NO CONTROLADO
Título relacionado o analítico no controlado Psyche.
852 ## - LOCALIZACIÓN
Ubicación ES-MaACL
Número de control de estantería C-4639
Sublocalización o colección R.24382
Holdings
Estatus retirado Estado de pérdida Estado de daño No para préstamo Biblioteca de origen Biblioteca actual Ubicación en estantería Fecha de adquisición Fuente de adquisición Total de préstamos Signatura topográfica completa Código de barras Visto por última vez Precio de reemplazo Tipo de ítem Koha
        Biblioteca del Ateneo de Madrid Biblioteca del Ateneo de Madrid Sala Palomar 17/01/2008     C-4639 1154769 23/02/2023 23/02/2023 Libro impreso